500 beliebteste weibliche Vornamen 2024 - Statistiken

Allgemein
  • Dieses Quiz wurde 339 mal gespielt
  • Das Durchschnittsergebnis liegt bei 128 aus 500
Antwortstatistiken
Namen % Korrekt
Anna
91%
Lena
86%
Hannah
83%
Lisa
83%
Marie
82%
Maria
81%
Emma
80%
Lea
77%
Mia
77%
Sophia
77%
Sophie
76%
Sarah
75%
Lara
73%
Lina
73%
Paula
71%
Julia
70%
Laura
70%
Clara
68%
Elisa
68%
Emilia
68%
Johanna
67%
Isa
66%
Jana
65%
Lia
64%
Nika
64%
Charlotte
63%
Emily
63%
Luisa
63%
Katharina
62%
Nina
62%
Ella
61%
Isabell
60%
Alin
59%
Eva
59%
Pia
59%
Anni
58%
Christina
58%
Mara
58%
Carla
56%
Helen
56%
Leonie
56%
Maja
56%
Mila
56%
Pauline
55%
Leni
54%
Alina
53%
Amelie
53%
Elena
53%
Franziska
53%
Zoe
53%
Alexandra
52%
Carolin
52%
Elisabeth
52%
Frieda
52%
Helena
52%
Ina
52%
Luise
52%
Jasmin
51%
Lotta
51%
Nele
51%
Greta
50%
Lilly
50%
Luna
50%
Sina
50%
Ida
49%
Jule
49%
Kim
49%
Nora
49%
Kira
48%
Linda
48%
Lotte
48%
Marlene
48%
Martha
48%
Olivia
48%
Paulina
48%
Ronja
48%
Elsa
47%
Bella
46%
Mina
46%
Mira
46%
Celina
45%
Celine
45%
Isabella
45%
Lana
45%
Vanessa
45%
Antonia
44%
Finja
44%
Selin
44%
Chiara
43%
Helene
43%
Miriam
43%
Theresa
43%
Victoria
43%
Josephine
42%
Lou
42%
Mona
42%
Annabell
41%
Annalena
41%
Diana
41%
Elli
41%
Melanie
41%
Melina
41%
Merle
41%
Nicole
41%
Thea
41%
Annika
40%
Feli
40%
Mathilda
40%
Rosa
40%
Carlotta
39%
Lucy
39%
Magdalena
39%
Melissa
39%
Selina
39%
Amelia
37%
Larissa
37%
Carina
36%
Erika
36%
Fiona
36%
Rebecca
36%
Stella
36%
Amy
35%
Dana
35%
Rita
35%
Tara
35%
Amal
34%
Bianca
34%
Cara
34%
Dina
34%
Heidi
34%
Malin
34%
Marina
34%
Michelle
34%
Natalie
34%
Vera
34%
Xenia
34%
Daria
33%
Elin
33%
Milena
33%
Amalia
32%
Esther
32%
Flora
32%
Jette
32%
Julie
32%
Liv
32%
Rose
32%
Tabea
32%
Veronika
32%
Zahra
32%
Ava
31%
Josefin
31%
Tamara
31%
Valentina
31%
Valerie
31%
Alena
30%
Alice
30%
Carolina
30%
Chloe
30%
Ela
30%
Emmi
30%
Lene
30%
Lola
30%
Nia
30%
Romy
30%
Tilda
30%
Valeria
30%
Vivien
30%
Erna
29%
Fabienne
29%
Juliana
29%
Layla
29%
Leona
29%
Tia
29%
Wilma
29%
Alicia
28%
Alma
28%
Emely
28%
Evi
28%
Gabriela
28%
Juna
28%
Lilia
28%
Naomi
28%
Samira
28%
Viola
28%
Alia
27%
Aurora
27%
Freya
27%
Henriette
27%
Lucia
27%
Lydia
27%
Lynn
27%
Malia
27%
Ria
27%
Ruth
27%
Selma
27%
Tessa
27%
Amira
26%
Angelina
26%
Elina
26%
Lilian
26%
Malina
26%
Marla
26%
Mathilde
26%
Nelly
26%
Ariana
25%
Aylin
25%
Felicitas
25%
Giulia
25%
Joana
25%
Jolina
25%
Kate
25%
Liana
25%
Livia
25%
Lorena
25%
Noemi
25%
Romina
25%
Toni
25%
Zoey
25%
Anastasia
24%
Aurelia
24%
Fatima
24%
Jasmina
24%
Leandra
24%
Nala
24%
Adriana
23%
Amanda
23%
Amina
23%
Cleo
23%
Edda
23%
Florentine
23%
Franka
23%
Gerda
23%
Hailey
23%
Hermine
23%
Hilda
23%
Jona
23%
Liz
23%
Marlena
23%
Milla
23%
Rosalie
23%
Sama
23%
Alessia
22%
Dorothea
22%
Ellen
22%
Josie
22%
Kaja
22%
Leonora
22%
Leyla
22%
Liliana
22%
Svea
22%
Alissa
21%
Elise
21%
Enna
21%
Evelyn
21%
Aaliyah
20%
Ada
20%
Alea
20%
Fenja
20%
Fine
20%
Philippa
20%
Thalia
20%
Beatrice
19%
Cecilia
19%
Delia
19%
Eleni
19%
Eliana
19%
Elif
19%
Feline
19%
Iris
19%
Tamina
19%
Tiana
19%
Annelie
18%
Elea
18%
Eleonora
18%
Felina
18%
Fina
18%
Gloria
18%
Holly
18%
Iva
18%
Janna
18%
Janne
18%
Leana
18%
Nela
18%
Palina
18%
Rosi
18%
Selena
18%
Smilla
18%
Yara
18%
Anouk
17%
Ayla
17%
Celia
17%
Charlie
17%
Dalia
17%
Irma
17%
Kiana
17%
Madita
17%
Malea
17%
Malou
17%
Nila
17%
Rahel
17%
Ruby
17%
Theodora
17%
Zeynep
17%
Adele
16%
Alva
16%
Amara
16%
Claire
16%
Eliz
16%
Enya
16%
Grace
16%
Hedi
16%
Ivy
16%
Jella
16%
Josephina
16%
Linnea
16%
Maila
16%
Mariella
16%
Marleen
16%
Rieke
16%
Talea
16%
Anisa
15%
Fritzi
15%
Hedda
15%
Käthe
15%
Lilith
15%
Lisbeth
15%
Marlie
15%
Ophelia
15%
Philine
15%
Alba
14%
Arin
14%
Eliza
14%
Hope
14%
Jade
14%
Jamila
14%
Jolie
14%
Kayla
14%
Malena
14%
Mathea
14%
Melia
14%
Miley
14%
Nadia
14%
Nelia
14%
Abigail
13%
Felicia
13%
Johanne
13%
Lenja
13%
Letizia
13%
Milana
13%
Runa
13%
Sana
13%
Adelina
12%
Aisha
12%
Alara
12%
Amilia
12%
Arina
12%
Clea
12%
Estelle
12%
Ivana
12%
Lani
12%
Maira
12%
Mariam
12%
Medina
12%
Millie
12%
Nola
12%
Nova
12%
Raphaela
12%
Aleyna
11%
Aya
11%
Elaine
11%
Esma
11%
Hazel
11%
Lavin
11%
Lenia
11%
Lieselotte
11%
Liya
11%
Melisa
11%
Penelope
11%
Raya
11%
Salome
11%
Sila
11%
Soraya
11%
Amaya
10%
Dua
10%
Eda
10%
Evelina
10%
Iman
10%
Kalea
10%
Madlen
10%
Melody
10%
Nisa
10%
Arya
9%
Enisa
9%
Felia
9%
Josefa
9%
Karlie
9%
Lilo
9%
Liva
9%
Mavie
9%
Nayla
9%
Noelia
9%
Tala
9%
Ayana
8%
Enie
8%
Imani
8%
Levke
8%
Lima
8%
Mailin
8%
Malika
8%
Naemi
8%
Nami
8%
Noah
8%
Sanna
8%
Anissa
7%
Cataleya
7%
Defne
7%
Eloise
7%
Helin
7%
Larin
7%
Leia
7%
Melek
7%
Rania
7%
Sena
7%
Solea
7%
Tuana
7%
Una
7%
Azra
6%
Elara
6%
Elodie
6%
Liara
6%
Liyana
6%
Lorin
6%
Meryem
6%
Naya
6%
Philomena
6%
Sienna
6%
Zarah
6%
Asya
5%
Avin
5%
Bora
5%
Eleyna
5%
Hira
5%
Ilaria
5%
Inaya
5%
Layan
5%
Leen
5%
Neva
5%
Nour
5%
Rüya
5%
Talin
5%
Arianna
4%
Aseel
4%
Esila
4%
Evin
4%
Hava
4%
Liora
4%
Meva
4%
Neyla
4%
Sare
4%
Skadi
4%
Zehra
4%
Ajla
3%
Alaya
3%
Anaya
3%
Asel
3%
Ayliz
3%
Ceylin
3%
Ecrin
3%
Eleanor
3%
Elora
3%
Eslem
3%
Hafsa
3%
Isra
3%
Malak
3%
Maliya
3%
Masa
3%
Mihra
3%
Miray
3%
Noura
3%
Sofija
3%
Yusra
3%
Asiya
2%
Efnan
2%
Havin
2%
Hazal
2%
Hevi
2%
Ikra
2%
Inara
2%
Khadija
2%
Masal
2%
Miral
2%
Nefes
2%
Safiya
2%
Sidra
2%
Yvie
2%
Zümra
2%
Yiva
1%
Luala
0%
Keine übereinstimmenden Quizze gefunden
Verteilung der Resultate
Anzahl Personen mit jedem Resultat
Perzentil nach korrekt beantworteten Fragen
Ihre Resultats-Entwicklung
Sie haben dieses Quiz noch nicht gespielt